Countries of South America - Upside Down - Statistics

General Stats
  • This quiz has been taken 27 times
  • The average score is 11 of 12
Answers on the Map
Answers color-coded by a green-red scale on the quiz's map according to % correct below.
 
Answer Stats
Country % Correct
Argentina
100%
Brazil
100%
Chile
100%
Colombia
96%
Bolivia
92%
Peru
92%
Venezuela
92%
Ecuador
81%
Suriname
81%
Guyana
73%
Paraguay
73%
Uruguay
73%
No matching quizzes found
Score Distribution
Percent of People with Each Score
Percentile by Number Answered
Your Score History
You have not taken this quiz